00724nam a2200229Ia 450000500170000000800410001702000100005804000190006804100120008708200160009910000210011524500680013626000510020430000160025550400340027165000140030565100360031985000100035594200070036599900170037295201050038920240503090103.0131103s9999 xx 000 0 und d aRs.15 aLoreto College aEnglish a371.42bPRA aPrashantham,B.J. aIndian case studies in therapeutic counsellingcB.J.Prashantham aTamil NadubChristian Counselling Centrec1988 aviii,155p.  aIncludes references and index aEducation aStudent guidance and counseling aLCBED cBK c25975d76454 00102ddc4070aMAINbMAINd2013-11-04l0o371.42 PRA 11533pB28815r2013-11-04w2013-11-04yBKf